| 000 | 00502nam a2200169Ia 4500 | ||
|---|---|---|---|
| 005 | 20140604140849.0 | ||
| 008 | 140512s9999 xx 000 0 und d | ||
| 050 |
_aGV 1204.76 _b.M533 1978 |
||
| 100 | _aMercado, Monina. | ||
| 245 |
_aGames-Filipino-children-play / _cMonina A. Mercado. |
||
| 260 |
_aMetro Manila : _bPhilippine Appliance Corporation, _cc1978. |
||
| 300 |
_a76 p. : _bcol. Ill. ; _c28 cm. |
||
| 650 |
_aGames _xPhilippines. |
||
| 650 | _aGames. | ||
| 942 |
_cBK _2lcc |
||
| 999 |
_c116694 _d116694 |
||